Łódzkie drogi do niepodległości 1905-1918 / (Rekord nr 27841)
| 000 -Nagłówek | |
|---|---|
| fixed length control field | 02088cam a2200505 i 4500 |
| 001 - Nr kontrolny bibl., która utworzyła rek. | |
| control field | xx004943797 |
| 003 - Siglum bibl., której nr kontr. jest w 001 | |
| control field | NUKAT |
| 005 - Data i czas ostatniej operacji | |
| control field | 20260428125843.0 |
| 008 - Elementy pola stałej długości | |
| fixed length control field | 200911s2020 pl a g |001 0 pol c |
| 020 ## - ISBN | |
| ISBN | 9788380987913 |
| dopowiedzenie | (oprawa twarda) : |
| warunki dostępności | zł 35,00 |
| 035 ## - Systemowy numer kontrolny | |
| systemowy numer kontrolny | (OCoLC)1199642216 |
| 035 ## - Systemowy numer kontrolny | |
| systemowy numer kontrolny | (NUKAT)xx004943797 |
| 040 ## - Instytucja sporządzająca opis | |
| Instytucja, która sporządziła opis | KAT U/JSt |
| język katalgowania-trzyzn. kod | pol |
| zasady opisu | rda |
| Instytucja, która sporządziła rekord | KAT U/JSts |
| Instytucja, która zmodyfikowała rekord | KAT U/JSt |
| -- | WA M/HB |
| -- | WA 14/MBs |
| -- | OLSZT 008/bak |
| 045 2# - Okres czasu dla zawartości | |
| czas między r. 9999 pne a nasz. czas. | d1905 |
| -- | d1918 |
| 046 ## - Kod rodz. daty, data1, data2 (daty pne) | |
| Begin/single date | 2020 |
| 245 00 - Tytuł właściwy i oznaczenie odpow. | |
| tytuł | Łódzkie drogi do niepodległości 1905-1918 / |
| dod. inf. ze s. tyt./ozn. odpow. | pod redakcją Joanny Żelazko. |
| 260 ## - Adres wydawniczy | |
| miejsce wydania, dystrybucji itp. | Łódź ; |
| -- | Warszawa : |
| nazwa wydawcy, dystrybutora itp. | Instytut Pamięci Narodowej. Komisja Ścigania Zbrodni przeciwko Narodowi Polskiemu. Oddział w Łodzi, |
| data wydania, dystrybucji itp. | 2020. |
| 300 ## - Opis fizyczny | |
| objętość i/lub forma materiału | 278, [1] stron : |
| inne szczegóły opisu fizycznego | ilustracje ; |
| format | 21 cm. |
| 336 ## - Content Type | |
| Term | Tekst |
| Code | txt |
| Source | rdacontent |
| 337 ## - Media Type | |
| Term | Bez urządzenia pośredniczącego |
| Code | n |
| Source | rdamedia |
| 338 ## - Carrier Type | |
| Term | Wolumin |
| Code | nc |
| Source | rdacarrier |
| 380 ## - Form of work | |
| Form of work | Książki |
| 380 ## - Form of work | |
| Form of work | Publikacje naukowe |
| 388 1# - TIME PERIOD OF CREATION | |
| Time period of creation term | 2001- |
| 490 1# - Tytuł serii i ks. wielotom.-nie do wysz. | |
| oznaczenie serii | Biblioteka Oddziału Instytutu Pamięci Narodowej w Łodzi ; |
| numer woluminu | t. 52 |
| 504 ## - Uwaga o bibliografii | |
| uwaga o bibliografii | Indeksy. |
| 648 #7 - SUBJECT ADDED ENTRY--CHRONOLOGICAL TERM | |
| Chronological term | 1901-1914 |
| Source of heading or term | DBN |
| 9 (RLIN) | 36038 |
| 648 #7 - SUBJECT ADDED ENTRY--CHRONOLOGICAL TERM | |
| Chronological term | 1901-2000 |
| Source of heading or term | DBN |
| 9 (RLIN) | 34996 |
| 648 #7 - SUBJECT ADDED ENTRY--CHRONOLOGICAL TERM | |
| Chronological term | 1914-1918 |
| Source of heading or term | DBN |
| 9 (RLIN) | 36040 |
| 650 #7 - Hasło przedmiotowe-nazwa pospolita | |
| nazwa pospolita lub geogr. | I wojna światowa (1914-1918) |
| źródło hasła | DBN |
| 9 (RLIN) | 35952 |
| 650 #7 - Hasło przedmiotowe-nazwa pospolita | |
| nazwa pospolita lub geogr. | Rewolucja 1905 roku |
| źródło hasła | DBN |
| 9 (RLIN) | 39504 |
| 650 #7 - Hasło przedmiotowe-nazwa pospolita | |
| nazwa pospolita lub geogr. | Ruchy niepodległościowe |
| źródło hasła | DBN |
| 9 (RLIN) | 35774 |
| 650 #7 - Hasło przedmiotowe-nazwa pospolita | |
| nazwa pospolita lub geogr. | Żołnierze |
| źródło hasła | DBN |
| 9 (RLIN) | 35175 |
| 650 #7 - Hasło przedmiotowe-nazwa pospolita | |
| nazwa pospolita lub geogr. | Wojna światowa (1914-1918) |
| określnik geograficzny | Polska |
| -- | Łódź. |
| źródło hasła | kaba |
| 9 (RLIN) | 40797 |
| 651 #7 - Hasło przedmiotowe-nazwa geogr. | |
| nazwa geograficzna | Łódź (woj. łódzkie) |
| źródło hasła | DBN |
| 9 (RLIN) | 39534 |
| 651 #7 - Hasło przedmiotowe-nazwa geogr. | |
| nazwa geograficzna | Łódź (Polska) |
| określnik chronologiczny | 1900-1945. |
| źródło hasła | kaba |
| 9 (RLIN) | 40798 |
| 651 #7 - Hasło przedmiotowe-nazwa geogr. | |
| nazwa geograficzna | Łódź (Polska) |
| określnik rzeczowy | sytuacja społeczna |
| określnik chronologiczny | 1900-1945. |
| źródło hasła | kaba |
| 9 (RLIN) | 40799 |
| 655 #7 - Termin określający rodzaj/formę | |
| rodzaj/forma | Praca zbiorowa |
| źródło terminu | DBN |
| 9 (RLIN) | 35107 |
| 658 ## - Nazwa określająca cel programu nauczania | |
| główny cel programu nauczania | Historia |
| 700 1# - Hasło dodatkowe - nazwa osobowa | |
| nazwa osobowa | Żelazko, Joanna. |
| rodzaj współpracy | Redakcja |
| 9 (RLIN) | 14055 |
| 710 2# - Hasło dodatkowe - nazwa ciała zbior. | |
| nazwa ciała zbior. lub nazwa geogr. | Instytut Pamięci Narodowej - Komisja Ścigania Zbrodni Przeciwko Narodowi Polskiemu. |
| nazwa jednostki podrzędnej | Oddział (Łódź). |
| rodzaj współpracy | Wydawca |
| kod rodzaju współpracy | pbl |
| 9 (RLIN) | 14056 |
| 830 #0 - Hasło dod. serii i op. ks. wielotom. -tyt | |
| tytuł | Biblioteka Instytutu Pamięci Narodowej |
| oznaczenie tomu | t. 52 |
| 9 (RLIN) | 14058 |
| 920 ## - ISBN | |
| ISBN | 978-83-8098-791-3 (oprawa twarda) : zł 35,00 |
| 942 ## - ADDED ENTRY ELEMENTS (KOHA) | |
| Source of classification or shelving scheme | Dewey Decimal Classification |
| Koha item type | pozycje dostępne na miejscu |
| Status wycofania | Status zagubienia | Klasyfikacja | Status uszkodzenia | Blokada wypożyczeń | Kolekcja | Lokalizacja macierzysta | Lokalizacja bieżąca | Data nabycia | Numer akcesji | Źródło akcesji | Cena | Nr inwentarzowy | il. wypożyczeń | Sygnatura | Kod kreskowy | Date last seen | Price effective from | Typ egz. |
|---|---|---|---|---|---|---|---|---|---|---|---|---|---|---|---|---|---|---|
| Dewey Decimal Classification | nieuszkodzona | książka w magazynie | Biblioteka Instytutu Północnego w Olsztynie | Biblioteka Instytutu Północnego w Olsztynie | 30/11/2020 | D-36/2020 | dar | 35.00 | 59959 | 59959 | IPWK24063 | 28/04/2026 | 28/04/2026 | pozycje dostępne na miejscu |